000 00726cam a22002293a 4500
001 11753
003 PGUSA
005 20140828083240.0
008 040301s2004||||xxu|||||s|||||000 | eng d
040 _aPGUSA
_beng
042 _adc
050 4 _aQC
100 1 _aMichelson, Albert A.
_q(Albert Abraham),
_d1852-1931
245 1 0 _aExperimental Determination of the Velocity of Light :
_bMade at the U.S. Naval Academy, Annapolis
_h[electronic resource] /
_cAlbert A. Michelson
260 _bProject Gutenberg,
_c2004
506 _aPublic domain in the USA.
516 _aElectronic text
653 _aLight -- Speed
830 0 _aProject Gutenberg
_v11753
856 4 0 _uhttp://www.gutenberg.org/ebooks/11753
942 _cEB
999 _c241008
_d241008